ბათუმის შოთა რუსთაველის სახელმწიფო უნივერსიტეტის ბიბლიოთეკა

The Economist, November 25th-December 1st. Number 9068 2017. (ბიბ.ჩანაწერი № 54567)

000 -LEADER
fixed length control field 00596nam a2200205Ia 4500
001 - CONTROL NUMBER
control field 21632
003 - CONTROL NUMBER IDENTIFIER
control field GE_BSU
008 - FIXED-LENGTH DATA ELEMENTS--GENERAL INFORMATION
fixed length control field 181216s||||||||xx |||||||||||||| ||und||
040 ## - CATALOGING SOURCE
Transcribing agency GE_BSU
080 ## - UNIVERSAL DECIMAL CLASSIFICATION NUMBER
Universal Decimal Classification number პერიოდიკა
245 #4 - TITLE STATEMENT
Title The Economist, November 25th-December 1st. Number 9068 2017.
245 ## - TITLE STATEMENT
Remainder of title Number 9032 Volume 422
260 ## - PUBLICATION, DISTRIBUTION, ETC.
Place of publication, distribution, etc. Paris
260 ## - PUBLICATION, DISTRIBUTION, ETC.
Date of publication, distribution, etc. 2017
300 ## - PHYSICAL DESCRIPTION
Extent 86 стр. 29 см. илл.
653 ## - INDEX TERM--UNCONTROLLED
Uncontrolled term Number 9032 Volume 422
653 ## - INDEX TERM--UNCONTROLLED
Uncontrolled term The Economist, November 25th-December 1st. Number 9068 2017.
653 ## - INDEX TERM--UNCONTROLLED
Uncontrolled term პერიოდიკა
942 ## - ADDED ENTRY ELEMENTS (KOHA)
Koha item type პერიოდიკა
ეგზემპლარები
Withdrawn status Lost status Damaged status Not for loan Date acquired Barcode Date last seen Price effective from Koha item type Public note
        2018-12-17 p 78958 2018-12-17 2018-12-17 პერიოდიკა პერიოდიკა